Dane, účtovníctvo vzory a prípady

Saved in:
Bibliographic Details
Format: Serial
Language:Slovak
Published: Žilina Poradca 2008
Subjects:
Tags: Add Tag
No Tags, Be the first to tag this record!

MARC

LEADER 00000nas2a2200000 4500
001 0147485
005 20120209111656.1
022 |a 1335-9630 
041 0 |a slo 
044 |a SK 
245 1 0 |a Dane, účtovníctvo  |b vzory a prípady 
264 1 |a Žilina  |b Poradca  |c 2008 
773 0 |w eu_un_cat*0004293 
610 2 0 |a dane 
610 2 0 |a účtovníctvo